ཆོས་རྗེ་འབྲུག་པ་ཀུན་ལེགས་ཀྱི་རྣམ་ཐར་མཐོང་ཐོས་འཛུམ་ཤོར་དད་པས་གྲོལ་བ། (Record no. 9058)
[ view plain ]
| 000 -LEADER | |
|---|---|
| fixed length control field | 00601nam a22001457a 4500 |
| 008 - FIXED-LENGTH DATA ELEMENTS--GENERAL INFORMATION | |
| fixed length control field | 220802b |||||||| |||| 00| 0 eng d |
| 020 ## - INTERNATIONAL STANDARD BOOK NUMBER | |
| International Standard Book Number | 9789993617266 |
| 082 ## - DEWEY DECIMAL CLASSIFICATION NUMBER | |
| Classification number | 920 TEN |
| 100 ## - MAIN ENTRY--PERSONAL NAME | |
| Personal name | Tenzin, Ugyen |
| 245 ## - TITLE STATEMENT | |
| Title | ཆོས་རྗེ་འབྲུག་པ་ཀུན་ལེགས་ཀྱི་རྣམ་ཐར་མཐོང་ཐོས་འཛུམ་ཤོར་དད་པས་གྲོལ་བ། |
| Remainder of title | (Biography of Choeje Drukpa Kuenley) |
| 260 ## - PUBLICATION, DISTRIBUTION, ETC. | |
| Place of publication, distribution, etc. | Thimphu : |
| Name of publisher, distributor, etc. | National Library and Archives of Bhutan, |
| Date of publication, distribution, etc. | 2016. |
| 300 ## - PHYSICAL DESCRIPTION | |
| Extent | x, 191 p. |
| Dimensions | 21 cm. |
| 650 ## - SUBJECT ADDED ENTRY--TOPICAL TERM | |
| Topical term or geographic name entry element | Biography |
| 942 ## - Added entry Elements (Koha) | |
| Source of classification or shelving scheme | Dewey Decimal Classification |
| Withdrawn status | Lost status | Source of classification or shelving scheme | Damaged status | Not for loan | Collection code | Home library | Current library | Shelving location | Date acquired | Serial Enumeration / chronology | Total Checkouts | Full call number | Barcode | Date last seen | Date last checked out | Price effective from | Koha item type |
|---|---|---|---|---|---|---|---|---|---|---|---|---|---|---|---|---|---|
| Dewey Decimal Classification | Dzongkha | RTC Library | RTC Library | Dzongkha | 02/08/2022 | 16553 | 1 | 920 TEN | 30015487 | 27/03/2026 | 12/03/2026 | 02/08/2022 | Dzongkha | ||||
| Dewey Decimal Classification | Dzongkha | RTC Library | RTC Library | Dzongkha | 02/08/2022 | 16552 | 1 | 920 TEN | 30015505 | 30/09/2022 | 28/09/2022 | 02/08/2022 | Dzongkha |